000 00204nam a22000857a 4500
008 170601b xxu||||| |||| 00| 0 eng d
100 _93194
_aMahajan. A
245 _aOur leaders
260 _aNew Delhi
_bCBT
_c1989
999 _c6505
_d6505